=LDR 00000nam 2200000 4500 =001 INLIS000000000014000 =005 20130612105315 =008 ***********************************Ind** =035 ##$$0010-061300000014000 =041 ##$$a Ind =082 ##$$a R.297.03 =090 ##$$a R.297.03, Ens e =100 ##$$a Penerjemah : Machtudz, K.H.A.Sahal =245 ##$$a Persepakatan utama dalam hukum islam, Ensiklopedi ijmak, Penerjemah ; K.H.A.Sahal Machtudz, H.A.Mustofa Bisri =260 ##$$a 1987 $b Jakarta =300 ##$$a xlvi, 875 hlm, 21 cm =650 ##$$a Ijmak =650 ##$$a Ensiklopedi =700 ##$$a K.H.A.Sahal Macthudz =850 ##$$a NBPNMAT